|
|
|
|
| LEADER |
03060nam a22004815i 4500 |
| 001 |
978-88-470-2309-3 |
| 003 |
DE-He213 |
| 005 |
20151204182535.0 |
| 007 |
cr nn 008mamaa |
| 008 |
120105s2012 it | s |||| 0|ita d |
| 020 |
|
|
|a 9788847023093
|9 978-88-470-2309-3
|
| 024 |
7 |
|
|a 10.1007/978-88-470-2309-3
|2 doi
|
| 040 |
|
|
|d GrThAP
|
| 050 |
|
4 |
|a QB495-500.269
|
| 072 |
|
7 |
|a TTDS
|2 bicssc
|
| 072 |
|
7 |
|a SCI005000
|2 bisacsh
|
| 082 |
0 |
4 |
|a 520
|2 23
|
| 082 |
0 |
4 |
|a 500.5
|2 23
|
| 100 |
1 |
|
|a Spagnulo, Marcello.
|e author.
|
| 245 |
1 |
0 |
|a Elementi di management dei programmi spaziali
|h [electronic resource] /
|c by Marcello Spagnulo.
|
| 264 |
|
1 |
|a Milano :
|b Springer Milan,
|c 2012.
|
| 300 |
|
|
|a XVII, 265 pagg.
|b online resource.
|
| 336 |
|
|
|a text
|b txt
|2 rdacontent
|
| 337 |
|
|
|a computer
|b c
|2 rdamedia
|
| 338 |
|
|
|a online resource
|b cr
|2 rdacarrier
|
| 347 |
|
|
|a text file
|b PDF
|2 rda
|
| 520 |
|
|
|a La realizzazione e il lancio nello spazio di satelliti o sonde attraverso missili o navette spaziali sono un esempio di attività industriale di enorme complessità e di lungo periodo. Lo sviluppo di un programma spaziale prevede la realizzazione di vari sistemi costituenti: il segmento spaziale, cioè i lanciatori per l’accesso allo Spazio, i satelliti o le sonde, le infrastrutture spaziali abitate da astronauti oppure robotizzate; e il segmento di terra che consente agli operatori sulla terra di controllare i sistemi nello spazio e di fruire delle applicazioni derivanti dal loro uso. Il settore è di per sé peculiare dato l’ambiente extra-atmosferico ove si troveranno ad operare astronauti o sonde robotizzate, pertanto la manifattura dei sistemi spaziali è una pratica a metà strada tra la scienza esatta e l’artigianato di elevatissima qualità. Le metodologie e i processi realizzativi dei programmi spaziali hanno però avuto il pregio nel passato di costituire, sin dagli anni ’60, un modello di riferimento per altri settori industriali proprio a causa della loro unicità tecnologica e produttiva. E oggi le metodologie di gestione dei programmi spaziali sono standardizzate e consolidate. Gli elementi trattati in questo libro intendono avvicinare il lettore alle specificità gestionali della concezione, del finanziamento e della messa in essere di un programma spaziale, una tra le più complesse attività umane influenzate da fattori storici, scientifici, economici e politici.
|
| 650 |
|
0 |
|a Physics.
|
| 650 |
|
0 |
|a Business.
|
| 650 |
|
0 |
|a Management science.
|
| 650 |
|
0 |
|a Space sciences.
|
| 650 |
|
0 |
|a Aerospace engineering.
|
| 650 |
|
0 |
|a Astronautics.
|
| 650 |
1 |
4 |
|a Physics.
|
| 650 |
2 |
4 |
|a Extraterrestrial Physics, Space Sciences.
|
| 650 |
2 |
4 |
|a Aerospace Technology and Astronautics.
|
| 650 |
2 |
4 |
|a Business and Management, general.
|
| 710 |
2 |
|
|a SpringerLink (Online service)
|
| 773 |
0 |
|
|t Springer eBooks
|
| 776 |
0 |
8 |
|i Printed edition:
|z 9788847023086
|
| 856 |
4 |
0 |
|u http://dx.doi.org/10.1007/978-88-470-2309-3
|z Full Text via HEAL-Link
|
| 912 |
|
|
|a ZDB-2-PHA
|
| 950 |
|
|
|a Physics and Astronomy (Springer-11651)
|